白色的力量
| 資料類型: | 圖書 | 書目號: | 48047 |
Leader xxxxxxxxxx 001 __ PCLIS00048047 005 __ 20140317105707.0008 010 0_ |a978-986-229-967-8|b平裝|dNT$360 042 __ |anbic 100 __ |a20140108d2014 m y0chiy50 e 101 0_ |achi 102 __ |atw 105 __ |aa z 000cy 200 1_ |a白色的力量|e|f柯文哲著 205 __ |a 210 __ |a臺北市|c三采|d2014[民103] 215 0_ |a287面|c部份彩圖|d23公分 225 2_ |aFOCUS|v51 300 __ |a 410 _0 |12001 |aFOCUS|v51 606 __ |a中國散文|2csh 681 __ |a855|b4105 700 _1 |a柯|b文哲|4著 702 __ |a|b|4 801 _0 |atw|bNDHU|c20140313|gCCR |